000 00450nam a2200181Ia 4500
001 18575
005 20260306171640.0
008 260306s9999||||xx |||||||||||||| ||und||
041 _aESP
082 _a658.409
_bD278A 2002
100 _aDrucker, Peter F.
_eAUT
245 0 _aLos desafíos de la gerencia para el siglo XXI
260 _c2002
300 _a242 páginas :
_c18 cm.
650 _aGEN
654 _aCAN
942 _cLIB
_dJUS
_fJUS
_2ddc
_n
999 _c18575
_d18575